| 000 | 00575nam a22001577a 4500 | ||
|---|---|---|---|
| 008 | 110818t xxu||||| |||| 00| 0 eng d | ||
| 020 | _a9780538847452 | ||
| 100 | _aKasliwal,Pari | ||
| 245 | _aDevelopment economics | ||
| 260 |
_aUSA _bSouth-western college publishers _c1995 |
||
| 300 |
_axii,348 p. _c21 cm |
||
| 650 | _aDevelopment economics | ||
| 650 | _aEconomics development | ||
| 942 |
_2lcc _cBK |
||
| 999 |
_c39092 _d39092 |
||